Calculus for the natural and social sciences / (Record no. 1498)

MARC details
000 -LEADER
fixed length control field 00416nam a2200145 4500
001 - CONTROL NUMBER
control field 1945
005 - DATE AND TIME OF LATEST TRANSACTION
control field 20181127164251.0
008 - FIXED-LENGTH DATA ELEMENTS--GENERAL INFORMATION
fixed length control field 680301s1968 nyua 000 0 eng
010 ## - LIBRARY OF CONGRESS CONTROL NUMBER
LC control number 68012268
100 1# - MAIN ENTRY--PERSONAL NAME
Personal name Stein, Sherman K.
245 10 - TITLE STATEMENT
Title Calculus for the natural and social sciences /
Statement of responsibility, etc. Sherman K. Stein.
260 ## - PUBLICATION, DISTRIBUTION, ETC.
Place of publication, distribution, etc. New York :
Name of publisher, distributor, etc. McGraw-Hill,
Date of publication, distribution, etc. 1968.
300 ## - PHYSICAL DESCRIPTION
Extent xiii, 322 p. :
Other physical details ill. ;
Dimensions 24 cm.
650 #0 - SUBJECT ADDED ENTRY--TOPICAL TERM
Topical term or geographic name entry element Calculus.
Holdings
Withdrawn status Lost status Source of classification or shelving scheme Damaged status Not for loan Collection code Home library Current library Shelving location Date acquired Serial Enumeration / chronology Inventory number Total Checkouts Full call number Barcode Date last seen Date last checked out Copy number Price effective from Koha item type
    Dewey Decimal Classification     Main TEST RTC Library RTC Library Main opac 16/10/2023 1189 1 515.008 STE 30003317 25/10/2023 16/10/2023 1 27/11/2018 Main
Royal Thimphu College || All Right Reserved